MCU All Movies and Shows Chronologically - Statistics

General Stats
  • This quiz has been taken 228 times
    5 since last reset
  • The average score is 22 of 76
Answer Stats
Hint Answer % Correct
1943 Captain America: The First Avenger
100%
2008 Iron Man
80%
2008 Iron Man 2
60%
2012 The Avengers
60%
2008 The Incredible Hulk
60%
2008 Thor
60%
1946 Agent Carter Season 1
40%
1947 Agent Carter Season 2
40%
2015 Ant-Man
40%
2015 Avengers: Age of Ultron
40%
2018 - 2023 Avengers: Endgame
40%
2018 Avengers: Infinity War
40%
2013 Captain America: The Winter Soldier
40%
1995 Captain Marvel
40%
2014 Daredevil Season 1
40%
Unknown Deadpool and Wolverine
40%
1963 (Earth 828) Fantastic Four: First Steps
40%
2014 Guardians of the Galaxy
40%
2014 Guardians of the Galaxy Vol. 2
40%
2013 Iron Man 3
40%
2014 Jessica Jones Season 1
40%
Unknown Loki Season 1
40%
Unknown Loki Season 2
40%
2013 Thor: The Dark World
40%
2023 Wandavision
40%
Unknown What If ... Season 1
40%
Unknown What If ... Season 2
40%
Unknown What If ... Season 3
40%
2026 Agatha All Along
20%
2018 Ant-man and The Wasp
20%
2025 Ant-man and The Wasp: Quantamania
20%
2027 Avengers: Secret Wars
20%
2017 Black Panther
20%
2025 Black Panther: Wakanda Forever
20%
2016 Black Widow
20%
2026 Captain America: Brave New World
20%
2016 Captain America: Civil War
20%
2026 Daredevil Born Again Season 1
20%
2026 Daredevil Born Again Season 2
20%
2026 Daredevil Born Again Season 3
20%
2015 Daredevil Season 2
20%
2018 Daredevil Season 3
20%
2017 Doctor Strange
20%
2024 Doctor Strange in the Multiverse of Madness
20%
2025 Echo
20%
2024 Eternals
20%
2024 Falcon and the Winter Soldier
20%
2026 Guardians of the Galaxy Vol. 3
20%
2024 Hawkeye
20%
2016 Iron Fist Season 1
20%
2018 Iron Fist Season 2
20%
2026 Ironheart
20%
2017 Jessica Jones Season 2
20%
2018 Jessica Jones Season 3
20%
2016 Luke Cage Season 1
20%
2018 Luke Cage Season 2
20%
2025 Moonknight
20%
2025 Ms. Marvel
20%
2026 Punisher: One Final Kill
20%
2026 Secret Invasion
20%
2023 Shang Chi and the Legend of the Ten Rings
20%
2025 She-Hulk: Attorney at Law
20%
2026 Spider-Man: Brand New Day
20%
2024 Spider-Man: Far from Home
20%
2017 Spider-Man: Homecoming
20%
2024 Spider-Man: No Way Home
20%
2016 The Defenders
20%
2026 The Marvels
20%
2017 The Punisher Season 1
20%
2018 The Punisher Season 2
20%
2025 Thor: Love and Thunder
20%
2018 Thor: Ragnarok
20%
2026 Thunderbolts
20%
2026 Vision Quest
20%
2026 Wonder Man
20%
2026 Avengers: Doomsday
0%
No matching quizzes found
Score Distribution
Percent of People with Each Score
Percentile by Number Answered
Your Score History
You have not taken this quiz since the last reset